000 00303nam a22001337a 4500
008 181022b xxu||||| |||| 00| 0 eng d
020 _a9780558114923
041 _aeng
080 _211 ED
_a510
100 _a38
101 _aMAT
245 _aFundamentals Mathematics
_cSetek.W.M
942 _2udc
_cBK
999 _c50496
_d50496